各种知识 #3 General knowledge - Statistics

General Stats
  • This quiz has been taken 67 times
  • The average score is 7 of 20
Answer Stats
出题者 问题 答案 % Correct
pcktrsss "将军百战死,壮士十年归"主要使用了什么修辞手法 互文
78%
CNY 《范进中举》是取自哪部古典小说的著名选段? 《儒林外史》
78%
pcktrsss 中国大陆唯一一个名字无争议地来源于非汉族语言的省(不含自治区)是 吉林
67%
CNY 明朝时期,今天的上海市域在哪个府的管辖之下? 松江府
63%
CNY 足球运动中,罚点球的位置(点球点)到对方球门的距离为多少码? 12码
61%
taiandina 福建省历史上的兴化府是现在的哪个城市 莆田市
56%
taiandina 五代十国的十国中唯一一个首都位于黄河以北的政权是 北汉
48%
TMDDS 1453年时,中国的皇帝是 朱祁钰
44%
suido 乔戈里峰英文名称是 k2
44%
pcktrsss 将信号从时域转换到频域的常用算法是什么 傅立叶变换
38%
suido 美国第一位两届总统任期不相邻的总统是 格罗弗 克利夫兰
31%
TMDDS 1920年代,一位日本小说家用埃德加·爱伦·坡的谐音给自己取了一个笔名,叫做 江户川乱步
25%
suido 法语un的阴性变体是 une
23%
pcktrsss 判断有机分子是否具有芳香性的最基本最简单的经验规则叫什么 休克尔规则
11%
CNY 中国诗歌发展史中,“永明体”出现于哪个政权的统治时期? 南朝齐
11%
pcktrsss 经典控制理论中的PID调节中的D指的是什么调节 微分
9%
pcktrsss 中国海关的logo的两个组成元素是商神权杖和 钥匙|金色钥匙
9%
月即别 “十二木卡姆”的著名整理者阿曼尼沙汗所在的政权是 叶尔羌汗国
8%
suido 日本北陆新干线的西端终点(2024)是 敦贺
6%
TMDDS 泰国国王拉玛十世玛哈·哇集拉隆功的中文名字是 郑冕
5%
No matching quizzes found
Score Distribution
Percent of People with Each Score
Percentile by Number Answered
Your Score History
You have not taken this quiz